000 01082nam a2200313Ia 4500
003 OSt
005 20221007124936.0
006 a|||||r|||| 00| 0
007 ta
008 221006b |||||||| |||| 00| 0 eng d
020 _a9783110370157 (HBK)
024 _a200321
037 _b5462, 10/06/2019, Ashutosh Technical Books
_cTextual
040 _aCDL
_cCDL
_beng
041 _2eng
_aeng
082 _aE:(CN1), Q8 Carc
100 _aKhoromskaia Venera
_9721077
245 0 _aTensor numerical methods in quantum chemistry
_b Khoromskij Boris N
260 _aBerlin
_bDe Gruyter
_c2018
300 _aviii,289p. ill
_ccm.
500 _aBibliography 271-285p.; Index 264-289p.
650 _a Multilinear algebra
_9721078
650 _a Multiplicative tensor formats
_9721079
650 _a Tensor decomposition
_9721080
650 _aChemistry
700 _a Khoromskij Boris N
_9721081
942 _hE:(CN1), Q8 Carc
_cTEXL
_2CC
999 _c1214415
_d1214415